Produkčné funkcie v ekonomickej analýze SR diplomová práca

Guardado en:
Detalles Bibliográficos
Autor principal: Chudíková, Petra
Autor Corporativo: Fakulta hospodárskej informatiky EU. Katedra operačného výskumu a ekonometrie
Otros Autores: Goga, Marián
Formato: Libro
Lenguaje:eslovaco
Publicado: Bratislava 2018
Etiquetas: Agregar Etiqueta
Sin Etiquetas, Sea el primero en etiquetar este registro!

MARC

LEADER 00000nbm a2200000 4500
001 0243605
005 20180917084154.5
041 0 |a slo 
044 |a SK 
245 1 0 |a Produkčné funkcie v ekonomickej analýze SR  |b diplomová práca  |c Petra Chudíková ; školiteľ: Marián Goga 
264 1 |a Bratislava  |c 2018 
300 |a 63 s. 
100 1 |a Chudíková, Petra 
700 1 |a Goga, Marián 
710 2 |a Fakulta hospodárskej informatiky EU. Katedra operačného výskumu a ekonometrie